| 000 | 00889nam a22001577a 4500 | ||
|---|---|---|---|
| 003 | OSt | ||
| 005 | 20151007155327.0 | ||
| 008 | 151007b xxu||||| |||| 00| 0 eng d | ||
| 040 | _cRUA | ||
| 082 | _aAVM POU 2006 B077 Or. | ||
| 100 |
_92300 _aPOUN SOKCHEA |
||
| 245 | _aEffect of using antibiotices concentrate feed on growth rate of avian broiler at animal station of royal university of agriculture, (ប្រសិទ្ធភាពនៃការប្រើប្រាស់អង់ទីប៊ីយ៉ូទិចក្នុងចំណីផ្សំ លើការលូតលាស់មាន់សាច់ពូជ AVIAN នៅស្ថានីយ៍ចិញ្ចឹមសត្វ នៃសាកលវិទ្យាល័យភូមិន្ទកសិកម្ម) | ||
| 260 |
_aphnom penh _brua _c2006 |
||
| 300 |
_aix, 38p. _bill. _c29cm. |
||
| 942 |
_2ddc _cAVM |
||
| 999 |
_c2168 _d2168 |
||